Surat Al-Anbiya

Bibliographic Details
Main Author: Hamdan Hassan
Format: Book
Published: Kuala Lumpur : DBP , 1990
Subjects:

MARC

LEADER 00000cam a2200000 7i4500
001 0000005034
002 000005425
005 20000330.0
020 |a 9836214925 
090 0 0 |a 297.64   |b HAM 
100 0 |a Hamdan Hassan 
245 1 0 |a Surat Al-Anbiya   |c Hamdan Hassan 
260 |a Kuala Lumpur :   |b DBP ,   |c 1990 
300 |a 868 p. ;   |c 20 cm. 
650 0 0 |a Islamic stories 
650 0 0 |a Islam   |x Quranic teaching 
650 0 0 |a Prophet   |x Companions 
999 |a 019612   |b BUKU   |c PINJAMAN   |e PERPUSTAKAAN KOMUNITI PETALING JAYA 
999 |a 033589   |b BUKU   |c PINJAMAN   |e PERPUSTAKAAN KOMUNITI PETALING JAYA